La prueba a debate (Registro nro. 171586)

Detalles MARC
000 -LEADER
fixed length control field 02128nam a22002777a 4500
007 - PHYSICAL DESCRIPTION FIXED FIELD--GENERAL INFORMATION
fixed length control field cr|||| ||||
008 - FIXED-LENGTH DATA ELEMENTS--GENERAL INFORMATION
fixed length control field 220516s2021 ea |||||s|||| 00||0 spa d
020 ## - INTERNATIONAL STANDARD BOOK NUMBER
International Standard Book Number 978-84-123809-9-6
035 ## -
-- 35646
040 ## - CATALOGING SOURCE
Original cataloging agency vLex
090 ## -
-- 13350
-- 13350
100 1# - MAIN ENTRY--PERSONAL NAME
Personal name Picó i Junoy, Joan
245 12 - TITLE STATEMENT
Title La prueba a debate
Medium [Recurso electrónico] :
Remainder of title Diálogos hispano-cubanos /
Statement of responsibility, etc Joan Picó i Junoy, Carlos de Miranda Vázquez
256 ## -
-- Servicio en línea
260 ## - PUBLICATION, DISTRIBUTION, ETC. (IMPRINT)
Place of publication, distribution, etc Barcelona:
Name of publisher, distributor, etc J.M. Bosch Editor,
Date of publication, distribution, etc 2021
300 ## - PHYSICAL DESCRIPTION
Extent 1 recurso electrónico
500 ## - GENERAL NOTE
General note La prueba, como actividad en la que se pretende convencer al juez sobre la certeza de los hechos controvertidos, es siempre muy compleja. Por ello es fundamental dominar todos los aspectos del derecho probatorio, máxime cuando en ella radica el triunfo o fracaso de uno de los justiciables. Esta relevancia judicial de la actividad probatoria ha llevado al moderno constitucionalismo a prever en las Cartas Magnas un precepto dedicado al derecho a la prueba: ello sucede tanto en la Constitución española, con su art. 24.2, como con la más reciente de las constituciones latinoamericanas, la cubana, de 2019, con su art. 94.c. De esta forma, en ambos países, el derecho constitucional a la prueba exige una continua interpretación de la legalidad procesal acorde con el protagonismo que tiene este derecho. Esta obra de debate sobre el derecho probatorio es fruto del encuentro de diversos integrantes de la Asociación de Probática y Derecho Probatorio y de la mejor escuela procesalista cubana.
506 1# - RESTRICTIONS ON ACCESS NOTE
Terms governing access Disponible solo en los productos indicados
Authorized users vLex Global
-- vLex Global (Academic Edition, excluding Law Schools)
-- vLex Global (U.S. Academic Edition, Law Schools)
-- vLex Global (U.S. Academic Edition, excluding Law Schools)
-- vLex Global (Academic Edition, Law Schools)
650 04 - SUBJECT ADDED ENTRY--TOPICAL TERM
Topical term or geographic name as entry element Derecho Procesal
Geographic subdivision España
650 04 - SUBJECT ADDED ENTRY--TOPICAL TERM
Topical term or geographic name as entry element Procedimiento Civil
Geographic subdivision España
700 1# - ADDED ENTRY--PERSONAL NAME
Personal name de Miranda Vázquez, Carlos
740 0# -
-- vLex Libros (Servicio en línea)
856 40 - LOCALIZACIÓN Y ACCESO ELECTRÓNICO
Identificador Uniforme del Recurso (URI/URL) https://app.vlex.com/#/sources/35646
942 ## -
-- RAA
999 ## -
-- 171586
-- 171586

No hay ítems disponibles.


CONTACTO


NOSOTROS


SITIOS DE INTERES

coordinacion.biblioteca.biblioteca@unienlinea.mx Misión, Visión y Objetivos Bases de datos
Directorio Bibliotecas Digitales y Repositorios
Normatividad Revistas y artículos
Convenios interbibliotecarios
Boletines



Hecho en México. Universidad Insurgentes (UIN). Todos los derechos reservados 2024. Esta página y sus contenidos pueden ser reproducidos con fines no lucrativos, siempre y cuando no se mutile, se cite la fuente completa y su dirección electrónicas. De otra forma requiere permiso previo por escrito de la institución




2024 Copyright Universidad Insurgentes | www.bibliouin.com.mx